| 000 | 00878nam a22002175i 4500 | ||
|---|---|---|---|
| 001 | 167027 | ||
| 003 | ES-MaACL | ||
| 005 | 20230906213438.0 | ||
| 008 | 010504s1898 po |||| | por d | ||
| 040 |
_aCAM _bspa _cCAM |
||
| 100 | 1 |
_aVasconcelos Abreu, Guilherme de, _9133565 |
|
| 245 | 1 | 2 |
_aA lenda dos Santos Barlaão e Josafate / _cpor G. de Vasconcellos-Abreu e A.R. Gonçalves Vianna. |
| 260 |
_aLisboa : _b[s.n.], _c1898 ( _ftypographia da Academia Real das Sciencias) |
||
| 300 |
_a49 p., [2] h. de fot. ; _c31 cm. |
||
| 594 | 1 | _aTit. de la cub.: Texto critico da lenda dos Santos Barlaão e Josafate. | |
| 600 | 0 | 4 |
_aBarlaam _cSanto. _9125821 |
| 600 | 0 | 4 |
_aJosafat _cSanto. _9128354 |
| 700 | 2 | 1 |
_aGonçalves Vianna, A.R. _9127466 |
| 852 |
_aES-MaACL _jT-786-F-8 _z-- Enc. hol., conservando la cub. original _z-- Enc. en un vol. facticio |
||
| 999 |
_c167027 _d167027 |
||